Les 10 personnalités françaises les plus importantes selon Chatgpt - Statistiques

Statistiques générales
  • Ce quiz a été pris 377 fois
  • Le résultat moyen est 7 sur 10
Statistiques - réponses
Statut Epoque Personnalité % Correct
Empereur français 1769-1821 Napoléon Bonaparte
98%
Fondateur de la Cinquième République 1890-1970 Charles de Gaulle
91%
Roi de France 1638-1715 Louis XIV
91%
Héroïne médiévale 1412-1431 Jeanne d'Arc
89%
Écrivain, poète et dramaturge 1802-1885 Victor Hugo
78%
Scientifique d'origine polonaise 1867-1934 Marie Curie
66%
Écrivain et philosophe 1694-1778 Voltaire
54%
Scientifique et chimiste 1822-1895 Louis Pasteur
51%
Explorateur océanographique 1910-1997 Jacques Cousteau
31%
Philosophe et écrivaine 1908-1986 Simone de Beauvoir
23%
Aucun quiz correspondant
Distribution des résultats
% des personnes avec chaque résultat
Percentile par nombre de réponses
Votre historique - résultats
Vous n’avez pas pris ce quiz